<?xml version="1.0" encoding="UTF-8"?><?xml-stylesheet type="text/xsl" href="static/style.xsl"?><OAI-PMH xmlns="http://www.openarchives.org/OAI/2.0/" xmlns:xsi="http://www.w3.org/2001/XMLSchema-instance" xsi:schemaLocation="http://www.openarchives.org/OAI/2.0/ http://www.openarchives.org/OAI/2.0/OAI-PMH.xsd"><responseDate>2026-04-27T20:04:40Z</responseDate><request verb="GetRecord" identifier="oai:uvadoc.uva.es:10324/55847" metadataPrefix="marc">https://uvadoc.uva.es/oai/request</request><GetRecord><record><header><identifier>oai:uvadoc.uva.es:10324/55847</identifier><datestamp>2022-10-06T19:01:21Z</datestamp><setSpec>com_10324_38</setSpec><setSpec>col_10324_852</setSpec></header><metadata><record xmlns="http://www.loc.gov/MARC21/slim" xmlns:doc="http://www.lyncode.com/xoai" xmlns:xsi="http://www.w3.org/2001/XMLSchema-instance" xmlns:dcterms="http://purl.org/dc/terms/" xsi:schemaLocation="http://www.loc.gov/MARC21/slim http://www.loc.gov/standards/marcxml/schema/MARC21slim.xsd">
<leader>00925njm 22002777a 4500</leader>
<datafield tag="042" ind1=" " ind2=" ">
<subfield code="a">dc</subfield>
</datafield>
<datafield tag="720" ind1=" " ind2=" ">
<subfield code="a">Barjola Gallardo, María Teresa</subfield>
<subfield code="e">author</subfield>
</datafield>
<datafield tag="260" ind1=" " ind2=" ">
<subfield code="c">2022</subfield>
</datafield>
<datafield tag="520" ind1=" " ind2=" ">
<subfield code="a">En este TFG se va a realizar un análisis del RD 374/2001, sobre la protección de la salud y seguridad de los trabajadores, contra los riesgos relacionados con los agentes químicos durante la jornada laboral (en adelante RDAQ), deteniéndonos concretamente en su aplicación en una Fábrica de Detergencia. Realizaremos una introducción en la que hablaremos del concepto de industria química, sus clases, los riesgos químicos a los que se expone el trabajador en su ámbito laboral y posteriormente estudiaremos el RDAQ en profundidad, evaluando riesgos, su prevención, vigilancia de seguridad, medidas ante accidentes, prohibiciones, formación del trabajador y consulta a los trabajadores.</subfield>
</datafield>
<datafield tag="024" ind2=" " ind1="8">
<subfield code="a">https://uvadoc.uva.es/handle/10324/55847</subfield>
</datafield>
<datafield tag="245" ind1="0" ind2="0">
<subfield code="a">El RD 374/2001, sobre la protección de la salud y seguridad de los trabajadores contra los riesgos relacionados con los agentes químicos, su aplicación de una Fábrica de Detergencia.</subfield>
</datafield>
</record></metadata></record></GetRecord></OAI-PMH>